[Event "MCR 2022 H08"]
[Site "Klatovy, Czech Republic"]
[Date "2022.04.09"]
[Round "3.1"]
[White "Hurt, Marek"]
[Black "Zelenka, Tomas"]
[Result "0-1"]
[WhiteElo "1000"]
[BlackElo "1158"]
[PlyCount "62"]
[EventDate "2022.04.09"]
[EventType "swiss"]
[EventRounds "9"]
[EventCountry "CZE"]

1. e4 e5 2. Bc4 Nc6 3. Nf3 Nf6 4. Nc3 Nxe4 5. Nxe4 d5 6. Bxd5 Qxd5 7. d3 Bg4 8.
O-O Nd4 9. c4 Qc6 10. Be3 Bxf3 11. gxf3 Qg6+ 12. Kh1 O-O-O 13. Rg1 Qh5 14. Rg3
f5 15. Nc3 f4 16. Bxf4 exf4 17. Rg2 Nxf3 18. Nd5 c6 19. Nxf4 Qf5 20. Qxf3 g5
21. Re1 gxf4 22. d4 Bb4 23. Re2 Rde8 24. Rxe8+ Rxe8 25. Rg4 Qb1+ 26. Kg2 h5 27.
Rxf4 Rg8+ 28. Kh3 Qf1+ 29. Kh4 Qg1 30. Kh3 Bd6 31. Rf6 Qxh2# 0-1

[Event "MCR 2022 H08"]
[Site "Klatovy, Czech Republic"]
[Date "2022.04.09"]
[Round "3.2"]
[White "Lutskiy, Mikhail"]
[Black "Fedorov, Viktor 2014"]
[Result "1-0"]
[WhiteElo "1135"]
[BlackElo "1000"]
[PlyCount "55"]
[EventDate "2022.04.09"]
[EventType "swiss"]
[EventRounds "9"]
[EventCountry "CZE"]

1. e4 e5 2. Nf3 Nc6 3. Bc4 Nf6 4. d3 Bc5 5. Ng5 d5 6. exd5 Nxd5 7. Nxf7 Kxf7 8.
Qf3+ Ke6 9. Nc3 Ke7 10. Nxd5+ Ke8 11. Bg5 Qxg5 12. Nxc7+ Kd8 13. Nxa8 Bg4 14.
Qd5+ Kc8 15. Qxc5 Kb8 16. Nb6 axb6 17. Qxb6 Rf8 18. Bd5 Rc8 19. O-O Rc7 20. c3
Be2 21. Rfe1 Bxd3 22. a4 Qg4 23. a5 Na7 24. a6 Rd7 25. Qxa7+ Kxa7 26. axb7+ Kb8
27. Ra8+ Kc7 28. b8=Q# 1-0

[Event "MCR 2022 H08"]
[Site "Klatovy, Czech Republic"]
[Date "2022.04.09"]
[Round "3.3"]
[White "Skoloud, Josef"]
[Black "Trejbal, Jindrich 2014"]
[Result "0-1"]
[WhiteElo "1068"]
[BlackElo "1101"]
[PlyCount "90"]
[EventDate "2022.04.09"]
[EventType "swiss"]
[EventRounds "9"]
[EventCountry "CZE"]

1. e4 e5 2. f4 d6 3. Nf3 Nc6 4. Nc3 Bg4 5. d3 Nd4 6. Be2 Nxe2 7. Qxe2 Be7 8. h3
Bh4+ 9. Nxh4 Bxe2 10. Kxe2 Qxh4 11. fxe5 dxe5 12. Nd5 O-O-O 13. Be3 Ne7 14.
Nxe7+ Qxe7 15. Bxa7 b6 16. c4 Kb7 17. Bxb6 cxb6 18. Rhf1 Qd7 19. Rf3 f6 20.
Raf1 Qa4 21. a3 b5 22. cxb5 Qxb5 23. b4 Rd7 24. Rd1 Rhd8 25. Kf2 Rxd3 26. Rfxd3
Rxd3 27. Ra1 Qa4 28. Ke2 Rxa3 29. Rd1 Qxd1+ 30. Kxd1 Rb3 31. Kc2 Rxb4 32. Kd3
Kc6 33. g3 Kc5 34. Ke3 Rb3+ 35. Kf2 Kd4 36. g4 Kxe4 37. g5 fxg5 38. h4 gxh4 39.
Ke2 Rb2+ 40. Kd1 Kd3 41. Ke1 Ra2 42. Kf1 Ke3 43. Kg1 Kf3 44. Kh1 Kg3 45. Kg1
Ra1# 0-1

[Event "MCR 2022 H08"]
[Site "Klatovy, Czech Republic"]
[Date "2022.04.09"]
[Round "3.4"]
[White "Bucek, Vit"]
[Black "Habetinek, Jan"]
[Result "1-0"]
[WhiteElo "1087"]
[BlackElo "1000"]
[PlyCount "103"]
[EventDate "2022.04.09"]
[EventType "swiss"]
[EventRounds "9"]
[EventCountry "CZE"]

1. e4 d5 2. exd5 Nf6 3. Nc3 Nxd5 4. Nxd5 Qxd5 5. Nf3 e5 6. b3 Qd8 7. Nxe5 Nc6
8. Bb5 a6 9. Nxc6 bxc6 10. Bxc6+ Bd7 11. Qe2+ Be7 12. Bxa8 Qxa8 13. f3 Qa7 14.
Ba3 Be6 15. Bxe7 Kxe7 16. f4 Kf8 17. Qd3 Ke7 18. Qe3 Qxe3+ 19. dxe3 Rd8 20. e4
Bg4 21. f5 Rd4 22. Kf2 Rxe4 23. Rae1 Rxe1 24. Rxe1+ Kf8 25. Re5 f6 26. Ra5 Ke7
27. Rxa6 Bxf5 28. Rc6 Kd8 29. Rc5 Bd7 30. Rd5 c6 31. Rd2 g5 32. g3 h5 33. h4
gxh4 34. gxh4 f5 35. Kg3 Kc8 36. Kf4 c5 37. Rxd7 Kxd7 38. Kxf5 Ke7 39. Ke5 Kd7
40. Kd5 Ke7 41. a4 c4 42. bxc4 Kf7 43. a5 Ke7 44. a6 Kf7 45. a7 Ke7 46. a8=Q
Kf6 47. Qf8+ Kg6 48. Ke6 Kh7 49. c5 Kg6 50. Qg8+ Kh6 51. Qg5+ Kh7 52. Kf7 1-0

[Event "MCR 2022 H08"]
[Site "Klatovy, Czech Republic"]
[Date "2022.04.09"]
[Round "3.5"]
[White "Tomes, Dominik"]
[Black "Bartak, Tobias"]
[Result "0-1"]
[WhiteElo "1000"]
[BlackElo "1000"]
[PlyCount "39"]
[EventDate "2022.04.09"]
[EventType "swiss"]
[EventRounds "9"]
[EventCountry "CZE"]

1. e4 d5 2. Nf3 dxe4 3. Ne5 Nc6 4. Nxc6 bxc6 5. Qe2 Nf6 6. Nc3 Bf5 7. g4 Bxg4
8. Qc4 Bf3 9. Qxc6+ Nd7 10. Rg1 f5 11. Nb5 Rc8 12. Nxa7 e3 13. Nxc8 Bxc6 14.
Na7 exf2+ 15. Kxf2 e6 16. Nxc6 Qa8 17. Bg2 Bc5+ 18. Kf1 Bxg1 19. Kxg1 O-O 20.
Ne7+ 0-1

[Event "MCR 2022 H08"]
[Site "Klatovy, Czech Republic"]
[Date "2022.04.09"]
[Round "3.6"]
[White "Cerny, Ren"]
[Black "Strihavka, Petr"]
[Result "1-0"]
[WhiteElo "1000"]
[BlackElo "1000"]
[PlyCount "49"]
[EventDate "2022.04.09"]
[EventType "swiss"]
[EventRounds "9"]
[EventCountry "CZE"]

1. e4 d5 2. exd5 Qxd5 3. Nc3 Qd8 4. d4 Nc6 5. Nf3 Bg4 6. d5 Bxf3 7. Qxf3 Nd4 8.
Qd3 c5 9. Bf4 Nf6 10. O-O-O e6 11. dxe6 fxe6 12. Bg5 Be7 13. Bxf6 Bxf6 14. Ne4
Be5 15. Nxc5 Rb8 16. Qe4 Qc7 17. Nd3 Rc8 18. c3 Nc6 19. Re1 Bd6 20. Qxe6+ Ne7
21. Kc2 b5 22. a3 Rf8 23. f3 a5 24. Qd5 b4 25. Qb5+ 1-0

[Event "MCR 2022 H08"]
[Site "Klatovy, Czech Republic"]
[Date "2022.04.09"]
[Round "3.7"]
[White "Fadrny, Jonas"]
[Black "Tomes, Jan"]
[Result "0-1"]
[WhiteElo "1000"]
[BlackElo "1000"]
[PlyCount "86"]
[EventDate "2022.04.09"]
[EventType "swiss"]
[EventRounds "9"]
[EventCountry "CZE"]

1. e4 e5 2. f4 exf4 3. Nf3 Nc6 4. d4 Nf6 5. Nc3 Bb4 6. Bd3 O-O 7. a3 Be7 8. O-O
d6 9. Bxf4 Bg4 10. Qe2 Nxd4 11. Qd2 Bxf3 12. gxf3 Nh5 13. Na4 Nxf4 14. Qxf4 c5
15. c3 Ne6 16. Qe3 Bg5 17. Qe2 Bf4 18. b4 Qg5+ 19. Qg2 Qxg2+ 20. Kxg2 Be5 21.
Rfd1 cxb4 22. axb4 a6 23. Rac1 b5 24. Nb6 Rad8 25. c4 Nf4+ 26. Kf2 Bd4+ 27. Kg3
Nxd3 28. Rxd3 Bxb6 29. Rcd1 bxc4 30. Rxd6 Rxd6 31. Rxd6 Bc7 32. e5 Bxd6 33.
exd6 Rd8 34. Kf2 Rxd6 35. Ke2 c3 36. Ke3 c2 37. Kf4 c1=Q+ 38. Kg4 Rd4+ 39. Kg3
Qg1+ 40. Kh3 Rd3 41. b5 Rxf3+ 42. Kh4 g5+ 43. Kh5 Rh3# 0-1

[Event "MCR 2022 H08"]
[Site "Klatovy, Czech Republic"]
[Date "2022.04.09"]
[Round "3.8"]
[White "Vratny, Vojtech"]
[Black "Vostracky, Martin"]
[Result "1-0"]
[WhiteElo "1000"]
[BlackElo "1000"]
[PlyCount "89"]
[EventDate "2022.04.09"]
[EventType "swiss"]
[EventRounds "9"]
[EventCountry "CZE"]

1. e4 e5 2. f4 exf4 3. Nf3 Nf6 4. d4 Be7 5. Bc4 O-O 6. O-O Nc6 7. Bxf4 d6 8.
Nc3 Bg4 9. d5 Bxf3 10. Qxf3 Nd4 11. Qd1 Rc8 12. Qxd4 c5 13. dxc6 Rxc6 14. Qd3
Qc8 15. b3 b5 16. Nxb5 a6 17. Na7 Qb7 18. Nxc6 Qxc6 19. Qg3 Qc5+ 20. Be3 Qe5
21. Qf3 Nxe4 22. Rfe1 a5 23. Bf4 Qd4+ 24. Qe3 Qxe3+ 25. Bxe3 Bh4 26. Red1 Bf6
27. Bd4 Bxd4+ 28. Rxd4 Nf6 29. Rxd6 Ne4 30. Rd4 Re8 31. Bd5 Nf6 32. Rf1 Nxd5
33. Rxd5 h6 34. Rfd1 Kh7 35. Rd8 Rxd8 36. Rxd8 g5 37. Rd5 Kg6 38. Rxa5 Kh5 39.
c4 Kg4 40. c5 f5 41. c6 f4 42. c7 h5 43. c8=Q+ Kh4 44. g3+ fxg3 45. hxg3+ 1-0

[Event "MCR 2022 H08"]
[Site "Klatovy, Czech Republic"]
[Date "2022.04.09"]
[Round "3.9"]
[White "Andresev, Eldar"]
[Black "Kohout, Filip"]
[Result "1/2-1/2"]
[WhiteElo "1000"]
[BlackElo "1000"]
[PlyCount "104"]
[EventDate "2022.04.09"]
[EventType "swiss"]
[EventRounds "9"]
[EventCountry "CZE"]

1. e4 e5 2. Bc4 Nf6 3. Nc3 Bc5 4. Nf3 Nc6 5. d3 O-O 6. Bg5 d6 7. O-O Bg4 8. Qe2
Qe7 9. Rad1 Be6 10. Be3 Bxc4 11. dxc4 Bxe3 12. fxe3 Nb4 13. a3 Nc6 14. Ng5 b6
15. Qh5 Nd8 16. Qf3 Ne6 17. Nxe6 Qxe6 18. Nd5 Nd7 19. Nxc7 Qxc4 20. Nxa8 Qe6
21. Nxb6 axb6 22. Rd3 Nc5 23. Rc3 Qf6 24. Qxf6 gxf6 25. b4 Nxe4 26. Rf3 Nxc3
27. Rg3+ Kh8 28. a4 Ne2+ 29. Kf2 Nxg3 30. Kxg3 Rg8+ 31. Kf2 Ra8 32. c4 Rxa4 33.
c5 bxc5 34. b5 Rb4 35. g4 Rb2+ 36. Kf3 Rxh2 37. b6 Rb2 38. Ke4 Rxb6 39. Kf5 Kg7
40. g5 fxg5 41. Kxg5 Rc6 42. e4 c4 43. Kg4 c3 44. Kf5 c2 45. Kg5 c1=Q+ 46. Kh5
Qe1 47. Kg5 Qxe4 48. Kh5 Qg6+ 49. Kh4 Rc4+ 50. Kh3 Qg4+ 51. Kh2 Rc3 52. Kh1 Rc2
1/2-1/2

[Event "MCR 2022 H08"]
[Site "Klatovy, Czech Republic"]
[Date "2022.04.09"]
[Round "3.10"]
[White "Krivka, Lukas"]
[Black "Bruha, Jan"]
[Result "1-0"]
[WhiteElo "1000"]
[BlackElo "1000"]
[PlyCount "41"]
[EventDate "2022.04.09"]
[EventType "swiss"]
[EventRounds "9"]
[EventCountry "CZE"]

1. e4 e5 2. Nf3 Nf6 3. Nxe5 Nxe4 4. Qh5 Qe7 5. Bc4 g6 6. Bxf7+ Kd8 7. Qg4 d6 8.
Qxe4 dxe5 9. Qd3+ Nd7 10. Bb3 Bh6 11. O-O Qh4 12. g3 Qh3 13. Re1 b6 14. Rxe5
Bb7 15. Bd5 c6 16. Be6 Ke8 17. Bxh3+ Kf8 18. Bxd7 Rd8 19. Qf3+ Kg7 20. Re7+ Kg8
21. Be6# 1-0

[Event "MCR 2022 H08"]
[Site "Klatovy, Czech Republic"]
[Date "2022.04.09"]
[Round "3.11"]
[White "Monaghan, Eloy Buffalo"]
[Black "Burel, Jan"]
[Result "0-1"]
[WhiteElo "1000"]
[BlackElo "1000"]
[PlyCount "24"]
[EventDate "2022.04.09"]
[EventType "swiss"]
[EventRounds "9"]
[EventCountry "CZE"]

1. e4 e5 2. Nf3 Nc6 3. Nc3 Bc5 4. Bc4 h6 5. Nb1 Nf6 6. c3 d6 7. d4 exd4 8. cxd4
Bxd4 9. Nxd4 Bd7 10. Nxc6 Bxc6 11. O-O Nxe4 12. Nc3 O-O 0-1

[Event "MCR 2022 H08"]
[Site "Klatovy, Czech Republic"]
[Date "2022.04.09"]
[Round "3.12"]
[White "Nemec, Ondrej"]
[Black "Flidr, Jan"]
[Result "0-1"]
[WhiteElo "1000"]
[BlackElo "1000"]
[PlyCount "96"]
[EventDate "2022.04.09"]
[EventType "swiss"]
[EventRounds "9"]
[EventCountry "CZE"]

1. e4 e5 2. Nf3 Nc6 3. Be2 Bb4 4. O-O Nf6 5. Nc3 Bxc3 6. bxc3 Nxe4 7. Ba3 d6 8.
d3 O-O 9. dxe4 Bg4 10. h3 Bh5 11. g4 Bg6 12. h4 Bxe4 13. Nh2 Qxh4 14. Bd3 Bxd3
15. cxd3 Ne7 16. Re1 h6 17. Re4 c6 18. g5 Qh5 19. Bxd6 Qg6 20. Bxe7 Rfe8 21.
Ba3 Qxg5+ 22. Rg4 Qf5 23. Qf3 Qe6 24. Rb1 Rab8 25. Rbb4 Qxa2 26. Rb2 Qxa3 27.
Rgb4 Qxc3 28. Re2 Qxb4 29. Re4 Qb1+ 30. Re1 Qxe1+ 31. Nf1 Qb4 32. Ne3 Qh4 33.
Ng2 Qa4 34. Qg3 Qa1+ 35. Ne1 Qxe1+ 36. Kh2 e4 37. dxe4 Qxe4 38. f3 Qe2+ 39. Qg2
Qa6 40. f4 b5 41. f5 b4 42. f6 b3 43. fxg7 b2 44. Qg1 b1=Q 45. Qg4 Qa3 46. Kg2
Qbb2+ 47. Kg1 Qaa1+ 48. Qd1 Qxd1# 0-1

[Event "MCR 2022 H08"]
[Site "Klatovy, Czech Republic"]
[Date "2022.04.09"]
[Round "3.13"]
[White "Hellmich, Jan"]
[Black "Kupka, Frantisek 2014"]
[Result "0-1"]
[WhiteElo "1000"]
[BlackElo "1000"]
[PlyCount "56"]
[EventDate "2022.04.09"]
[EventType "swiss"]
[EventRounds "9"]
[EventCountry "CZE"]

1. e4 e5 2. Nf3 Nc6 3. Nc3 Nf6 4. Bb5 Bb4 5. Bxc6 bxc6 6. O-O O-O 7. a3 Bxc3 8.
dxc3 Ng4 9. h3 Nf6 10. Qe1 Ba6 11. c4 Bxc4 12. Nd2 Bxf1 13. Nxf1 Rb8 14. Rb1 d5
15. exd5 cxd5 16. Bg5 h6 17. Bxf6 Qxf6 18. b4 Qg6 19. Qxe5 Rfe8 20. Qxd5 Qxc2
21. Rd1 Rbd8 22. Qf3 Rxd1 23. Kh2 Rxf1 24. Qb7 Qxf2 25. Qxa7 Qxa7 26. Kg3 Qe3+
27. Kg4 Re4+ 28. Kh5 g6# 0-1

[Event "MCR 2022 H08"]
[Site "Klatovy, Czech Republic"]
[Date "2022.04.09"]
[Round "3.14"]
[White "Ponca, Dominik"]
[Black "Hradek, Martin"]
[Result "0-1"]
[WhiteElo "1000"]
[BlackElo "1000"]
[PlyCount "134"]
[EventDate "2022.04.09"]
[EventType "swiss"]
[EventRounds "9"]
[EventCountry "CZE"]

1. e4 e6 2. d4 Bd6 3. Nc3 Qh4 4. g3 Qf6 5. Nf3 Nh6 6. e5 Bxe5 7. dxe5 Qf5 8. g4
Qxg4 9. h3 Qf5 10. Bd3 Qh5 11. h4 f6 12. exf6 gxf6 13. Bxh6 Qxh6 14. h5 O-O 15.
Qd2 Qxd2+ 16. Nxd2 Nc6 17. h6 Nd4 18. Rg1+ Kh8 19. Rg7 Rg8 20. Rxg8+ Kxg8 21.
Nde4 b5 22. Nxf6+ Kf7 23. Bxh7 Kxf6 24. Bd3 c5 25. h7 Kg7 26. Kd2 c4 27. Be2
Nxe2 28. Kxe2 b4 29. Rh1 Kh8 30. Rg1 Kxh7 31. f4 bxc3 32. bxc3 d5 33. Rh1+ Kg6
34. Rf1 Kf5 35. a4 e5 36. Ke3 exf4+ 37. Rxf4+ Ke5 38. Rd4 Bd7 39. a5 Bc8 40.
Rg4 Bb7 41. Rg7 Bc6 42. a6 Bb5 43. Rg6 Kf5 44. Rd6 Ke5 45. Rh6 Ba4 46. Kd2 d4
47. cxd4+ Kxd4 48. c3+ Kc5 49. Rh5+ Kb6 50. Rh6+ Kc7 51. Rh7+ Bd7 52. Rh6 Rb8
53. Ke3 Re8+ 54. Kd4 Be6 55. Rh7+ Kb6 56. Ke5 Kxa6 57. Kd6 Bf5 58. Kc5 Bxh7 59.
Kxc4 Bg8+ 60. Kb4 Re4+ 61. Kc5 Rc4+ 62. Kd6 Kb6 63. Ke7 Rc7+ 64. Kf8 Rc8+ 65.
Ke7 a5 66. Kf6 Rf8+ 67. Ke5 Rd8 0-1

[Event "MCR 2022 H08"]
[Site "Klatovy, Czech Republic"]
[Date "2022.04.09"]
[Round "4.1"]
[White "Zelenka, Tomas"]
[Black "Bucek, Vit"]
[Result "1-0"]
[WhiteElo "1158"]
[BlackElo "1087"]
[PlyCount "55"]
[EventDate "2022.04.09"]
[EventType "swiss"]
[EventRounds "9"]
[EventCountry "CZE"]

1. e4 e5 2. Nf3 Nc6 3. d4 exd4 4. Bc4 Be7 5. Nxd4 Nf6 6. Nxc6 dxc6 7. Qxd8+
Bxd8 8. e5 Nd5 9. O-O O-O 10. Nc3 Nxc3 11. bxc3 Be6 12. Bb3 b5 13. Be3 f6 14.
Bxe6+ Kh8 15. Bc5 Re8 16. Bb3 h6 17. exf6 Bxf6 18. Bd4 Be7 19. Rfe1 Ba3 20. Bf7
Rxe1+ 21. Rxe1 c5 22. Be5 Rb8 23. Bxc7 Rb7 24. Re7 c4 25. Rd7 Bc5 26. Bg6 Bf8
27. Rd8 Kg8 28. Bd6 1-0

[Event "MCR 2022 H08"]
[Site "Klatovy, Czech Republic"]
[Date "2022.04.09"]
[Round "4.2"]
[White "Tomes, Jan"]
[Black "Lutskiy, Mikhail"]
[Result "0-1"]
[WhiteElo "1000"]
[BlackElo "1135"]
[PlyCount "56"]
[EventDate "2022.04.09"]
[EventType "swiss"]
[EventRounds "9"]
[EventCountry "CZE"]

1. e4 c5 2. Bc4 Nc6 3. Nc3 d6 4. Nf3 Nf6 5. d3 g6 6. Be3 Bg7 7. Ng5 O-O 8. O-O
h6 9. Nf3 Bg4 10. h3 Bh5 11. Nd5 Ne5 12. Nxf6+ Bxf6 13. Bd5 Nxf3+ 14. gxf3 Rb8
15. Bxh6 Re8 16. c3 e6 17. Bb3 Bh4 18. Ba4 b5 19. Bb3 Qf6 20. Kg2 g5 21. Bc2
Qxh6 22. c4 bxc4 23. dxc4 Qf6 24. Ba4 Red8 25. Re1 Rxb2 26. e5 Rxf2+ 27. Kg1
Qf4 28. Bc2 Qh2# 0-1

[Event "MCR 2022 H08"]
[Site "Klatovy, Czech Republic"]
[Date "2022.04.09"]
[Round "4.3"]
[White "Trejbal, Jindrich 2014"]
[Black "Cerny, Ren"]
[Result "1-0"]
[WhiteElo "1101"]
[BlackElo "1000"]
[PlyCount "137"]
[EventDate "2022.04.09"]
[EventType "swiss"]
[EventRounds "9"]
[EventCountry "CZE"]

1. e4 e5 2. Nf3 Nf6 3. Nxe5 Qe7 4. d4 d6 5. Nf3 Nxe4 6. Qe2 Bg4 7. Nc3 Nxc3 8.
Qxe7+ Bxe7 9. bxc3 O-O 10. Be2 Nd7 11. h3 Bh5 12. O-O Rae8 13. Re1 Bf6 14. Bd2
Re7 15. Bb5 c6 16. Rxe7 Bxe7 17. Be2 Re8 18. Re1 h6 19. Bd3 Bxf3 20. gxf3 Kf8
21. Bf4 d5 22. Bf5 Rd8 23. Bc7 Rc8 24. Ba5 b6 25. Bxd7 Rd8 26. Bxc6 bxa5 27.
Re5 f6 28. Rh5 g6 29. Rxh6 Kg7 30. Rh4 g5 31. Rg4 f5 32. Rg2 Bd6 33. Rxg5+ Kf6
34. Rg2 Rh8 35. Bxd5 Rxh3 36. c4 a4 37. c5 Bc7 38. Rg8 a3 39. Rf8+ Kg6 40. Kf1
Rh1+ 41. Ke2 Rc1 42. Rf7 Bf4 43. Bb3 Rxc2+ 44. Bxc2 Kxf7 45. Bxf5 Kf6 46. Be4
Ke6 47. Kd3 a5 48. Kc4 Be3 49. fxe3 a4 50. Kb4 Kd7 51. Kxa3 Kc8 52. Kxa4 Kc7
53. Kb5 Kd7 54. a4 Kd8 55. a5 Kc8 56. a6 Kd7 57. a7 Kc7 58. a8=Q Kd7 59. c6+
Ke6 60. Qe8+ Kf6 61. Qh8+ Ke6 62. Qh6+ Kf7 63. Bd5+ Ke7 64. c7 Kd7 65. Qe6+
Kxc7 66. Qc6+ Kd8 67. Qb7 Ke8 68. Kc6 Kd8 69. Qd7# 1-0

[Event "MCR 2022 H08"]
[Site "Klatovy, Czech Republic"]
[Date "2022.04.09"]
[Round "4.4"]
[White "Bartak, Tobias"]
[Black "Vratny, Vojtech"]
[Result "0-1"]
[WhiteElo "1000"]
[BlackElo "1000"]
[PlyCount "82"]
[EventDate "2022.04.09"]
[EventType "swiss"]
[EventRounds "9"]
[EventCountry "CZE"]

1. e4 d5 2. Nc3 dxe4 3. Nxe4 Nf6 4. Nxf6+ exf6 5. Bb5+ c6 6. Bc4 Bc5 7. Nf3 O-O
8. O-O Bf5 9. d3 Nd7 10. Bf4 Nb6 11. Qd2 Nxc4 12. dxc4 Qxd2 13. Nxd2 Bxc2 14.
Rfc1 Bf5 15. Nb3 Bb4 16. a3 Be7 17. f3 Rad8 18. g4 Bd3 19. Na5 b6 20. Nxc6 Rde8
21. Nxe7+ Rxe7 22. Bd6 Ree8 23. Bxf8 Rxf8 24. b4 Rc8 25. c5 bxc5 26. bxc5 Rc6
27. Rab1 Bxb1 28. Rxb1 h6 29. Rb8+ Kh7 30. Rb7 Rxc5 31. Rxa7 Rc3 32. f4 g5 33.
fxg5 fxg5 34. Rxf7+ Kg6 35. Ra7 Rc1+ 36. Kg2 Ra1 37. Ra6+ Kh7 38. Kg3 Ra2 39.
h4 gxh4+ 40. Kxh4 Kg7 41. Kh5 Rh2# 0-1

[Event "MCR 2022 H08"]
[Site "Klatovy, Czech Republic"]
[Date "2022.04.09"]
[Round "4.5"]
[White "Burel, Jan"]
[Black "Kupka, Frantisek 2014"]
[Result "1-0"]
[WhiteElo "1000"]
[BlackElo "1000"]
[PlyCount "27"]
[EventDate "2022.04.09"]
[EventType "swiss"]
[EventRounds "9"]
[EventCountry "CZE"]

1. e4 e5 2. f4 exf4 3. d4 Nf6 4. Nc3 Bb4 5. Bxf4 Nxe4 6. Qe2 Qe7 7. O-O-O Bxc3
8. bxc3 Nxc3 9. Qxe7+ Kxe7 10. Re1+ Kf8 11. Bxc7 Nxa2+ 12. Kb2 Nb4 13. Bd6+ Kg8
14. Re8# 1-0

[Event "MCR 2022 H08"]
[Site "Klatovy, Czech Republic"]
[Date "2022.04.09"]
[Round "4.6"]
[White "Fedorov, Viktor 2014"]
[Black "Skoloud, Josef"]
[Result "0-1"]
[WhiteElo "1000"]
[BlackElo "1068"]
[PlyCount "78"]
[EventDate "2022.04.09"]
[EventType "swiss"]
[EventRounds "9"]
[EventCountry "CZE"]

1. e4 d5 2. exd5 Qxd5 3. Nc3 Qa5 4. d4 Nf6 5. Bc4 Bf5 6. Bf4 e6 7. Nf3 Bb4 8.
Qd2 c6 9. a3 Bxc3 10. bxc3 O-O 11. O-O Nbd7 12. Rfd1 Ne4 13. Qe3 Qxc3 14. Qe2
Nef6 15. Rab1 Bxc2 16. Rdc1 b5 17. Ba2 Bd3 18. Qe3 Qxa3 19. Rc2 b4 20. Rd2 Bxb1
21. Bxb1 Qxe3 22. fxe3 a5 23. Rb2 c5 24. Bd6 Rfc8 25. dxc5 Nxc5 26. Bxc5 Rxc5
27. Nd2 Nd5 28. e4 Nc3 29. Bc2 Rac8 30. Bb3 a4 31. Ba2 b3 32. Nb1 bxa2 33. Rxa2
Nxa2 34. Na3 Rb8 35. Kf2 Rc3 36. Ke2 Rb2+ 37. Nc2 Rbxc2+ 38. Kf1 Rb2 39. h3
Rc1# 0-1

[Event "MCR 2022 H08"]
[Site "Klatovy, Czech Republic"]
[Date "2022.04.09"]
[Round "4.7"]
[White "Milian, Jakub"]
[Black "Flidr, Jan"]
[Result "0-1"]
[WhiteElo "1000"]
[BlackElo "1000"]
[PlyCount "89"]
[EventDate "2022.04.09"]
[EventType "swiss"]
[EventRounds "9"]
[EventCountry "CZE"]

1. e4 e5 2. Nf3 Nc6 3. Nc3 Nf6 4. Bb5 Bb4 5. Bxc6 bxc6 6. O-O Bxc3 7. dxc3 Ba6
8. Re1 Rb8 9. Rb1 O-O 10. Bg5 h6 11. Bxf6 Qxf6 12. Qxd7 Rbd8 13. Qxc7 Ra8 14.
Red1 Qe6 15. Rd6 Qxa2 16. Rf1 Qxb2 17. Nxe5 Qxc3 18. Rxc6 Qa3 19. Nd7 Rfd8 20.
Nc5 Bxf1 21. Kxf1 Rd2 22. Ke1 Rxc2 23. Nb3 Qxb3 24. Rxc2 Re8 25. Rc3 Qb2 26.
Rd3 Rxe4+ 27. Re3 Ra4 28. Ra3 Rxa3 29. Qc8+ Kh7 30. Qf5+ g6 31. Qxf7+ Kh8 32.
Qf8+ Kh7 33. Qf7+ Kh8 34. Qd5 Ra1+ 35. Qd1 a5 36. f4 a4 37. g4 a3 38. f5 gxf5
39. gxf5 a2 40. Qxa1 Qxa1+ 41. Kd2 Qf6 42. h4 a1=Q 43. Kd3 Qfb2 44. h5 Qa4 45.
f6 {Qh3} 0-1

[Event "MCR 2022 H08"]
[Site "Klatovy, Czech Republic"]
[Date "2022.04.09"]
[Round "4.8"]
[White "Habetinek, Jan"]
[Black "Riha, Jan 2014"]
[Result "1-0"]
[WhiteElo "1000"]
[BlackElo "1000"]
[PlyCount "33"]
[EventDate "2022.04.09"]
[EventType "swiss"]
[EventRounds "9"]
[EventCountry "CZE"]

1. e4 e5 2. f4 Nc6 3. fxe5 f6 4. exf6 gxf6 5. Nf3 Bc5 6. d4 Bb4+ 7. c3 Ba5 8.
b4 Bb6 9. Bc4 Qe7 10. Nbd2 f5 11. O-O fxe4 12. Nxe4 Qxe4 13. Re1 Qxe1+ 14.
Qxe1+ Nge7 15. b5 Na5 16. Ba3 Nxc4 17. Qxe7# 1-0

[Event "MCR 2022 H08"]
[Site "Klatovy, Czech Republic"]
[Date "2022.04.09"]
[Round "4.9"]
[White "Hradek, Martin"]
[Black "Tomes, Dominik"]
[Result "0-1"]
[WhiteElo "1000"]
[BlackElo "1000"]
[PlyCount "32"]
[EventDate "2022.04.09"]
[EventType "swiss"]
[EventRounds "9"]
[EventCountry "CZE"]

1. e3 e5 2. Bc4 Nc6 3. Qh5 g6 4. Qf3 Nf6 5. Nh3 Bc5 6. Ng5 O-O 7. Bxf7+ Rxf7 8.
Nxf7 Kxf7 9. O-O e4 10. Qf5 gxf5 11. Nc3 Bd6 12. Nb5 Qe8 13. Nxd6+ cxd6 14. b3
Ng4 15. h3 Qe5 16. Rb1 Qh2# 0-1

[Event "MCR 2022 H08"]
[Site "Klatovy, Czech Republic"]
[Date "2022.04.09"]
[Round "4.10"]
[White "Strihavka, Petr"]
[Black "Hurt, Marek"]
[Result "1-0"]
[WhiteElo "1000"]
[BlackElo "1000"]
[PlyCount "59"]
[EventDate "2022.04.09"]
[EventType "swiss"]
[EventRounds "9"]
[EventCountry "CZE"]

1. d4 d5 2. Bf4 Nc6 3. e3 Nf6 4. Nf3 Bf5 5. Bb5 Qd7 6. Ne5 Qe6 7. Bxc6+ bxc6 8.
O-O g6 9. Bg5 Bg7 10. Bxf6 Bxf6 11. Nc3 O-O 12. Na4 Bxe5 13. dxe5 Qxe5 14. Nc5
Qxb2 15. Re1 Bxc2 16. Qd2 Qb6 17. Qxc2 Qb8 18. Nd7 Qd8 19. Nxf8 Qxf8 20. Rab1
Rb8 21. Rxb8 Qxb8 22. Rb1 Qd8 23. Qxc6 Qd6 24. Rb8+ Kg7 25. Qc3+ f6 26. g4 c5
27. Rc8 c4 28. g5 Qe6 29. gxf6+ exf6 30. Rc7+ 1-0

[Event "MCR 2022 H08"]
[Site "Klatovy, Czech Republic"]
[Date "2022.04.09"]
[Round "4.11"]
[White "Kloubek, Vit"]
[Black "Tyshchenko, Ostap"]
[Result "1-0"]
[WhiteElo "1000"]
[BlackElo "1000"]
[PlyCount "69"]
[EventDate "2022.04.09"]
[EventType "swiss"]
[EventRounds "9"]
[EventCountry "CZE"]

1. e4 e5 2. f4 exf4 3. Nf3 Nf6 4. d4 Nc6 5. e5 Ne4 6. Bd3 Ng5 7. Nxg5 Qxg5 8.
h4 Qg3+ 9. Kf1 Nxd4 10. Rh3 Qxh3 11. gxh3 Bb4 12. Bd2 Bxd2 13. Qxd2 Nf3 14. Qb4
b6 15. Qe4 Nh2+ 16. Kg1 Rb8 17. Kxh2 c5 18. e6 Bb7 19. Qxf4 dxe6 20. Bb5+ Kf8
21. Qxb8+ Ke7 22. Qxh8 Kf6 23. Qxh7 Ke5 24. Qxg7+ Kd6 25. Qxf7 Kd5 26. Qxb7+
Kd6 27. Qxa7 Kd5 28. Qxb6 Kd4 29. Qxe6 c4 30. Qd6+ Ke3 31. Bxc4 Kf2 32. Nc3 Kf3
33. Re1 Kf2 34. Re8 Kf3 35. Qf6# 1-0

[Event "MCR 2022 H08"]
[Site "Klatovy, Czech Republic"]
[Date "2022.04.09"]
[Round "4.12"]
[White "Kohout, Filip"]
[Black "Vasina, Tadeas"]
[Result "1/2-1/2"]
[WhiteElo "1000"]
[BlackElo "1000"]
[PlyCount "136"]
[EventDate "2022.04.09"]
[EventType "swiss"]
[EventRounds "9"]
[EventCountry "CZE"]

1. e4 d5 2. Nc3 dxe4 3. Nxe4 Nf6 4. Nxf6+ exf6 5. Bc4 Bf5 6. Nf3 Bc5 7. O-O O-O
8. d3 Bg4 9. Bf4 Nc6 10. Qe2 Re8 11. Qd1 Nd4 12. Re1 Nxf3+ 13. gxf3 Rxe1+ 14.
Qxe1 Bxf3 15. Be3 Bxe3 16. Qxe3 Bd5 17. Bxd5 Qxd5 18. c4 Qg5+ 19. Qxg5 fxg5 20.
Re1 f5 21. Re5 g6 22. Re7 f4 23. Re5 h6 24. Re6 Kf7 25. Re4 Re8 26. Rxe8 Kxe8
27. f3 Kd7 28. Kg2 Kc6 29. Kh3 Kc5 30. Kg4 Kd4 31. h4 gxh4 32. Kxh4 Kxd3 33.
Kg4 Kxc4 34. b3+ Kc3 35. Kxf4 Kb2 36. Ke5 Kxa2 37. Kf6 Kxb3 38. Kxg6 c5 39.
Kxh6 c4 40. f4 c3 41. f5 c2 42. f6 c1=Q+ 43. Kg6 Qc6 44. Kg7 Qd7+ 45. f7 Qg4+
46. Kf6 Qc8 47. Ke7 a5 48. f8=Q Qxf8+ 49. Kxf8 b5 50. Ke7 a4 51. Kd6 b4 52. Kc5
a3 53. Kb5 a2 54. Ka5 a1=Q+ 55. Kb5 Qd4 56. Ka5 Ka3 57. Ka6 b3 58. Kb7 b2 59.
Kc7 b1=R 60. Kc6 Rb4 61. Kc7 Qf6 62. Kc8 Qc6+ 63. Kd8 Rd4+ 64. Ke7 Qe4+ 65. Kf7
Rd7+ 66. Kf6 Rd6+ 67. Kg7 Qe6 68. Kf8 Rd7 1/2-1/2